MARC details
| 000 -CABECERA |
| campo de control de longitud fija |
01100nam a2200313 a 4500 |
| 001 - NÚMERO DE CONTROL |
| campo de control |
000022951 |
| 003 - IDENTIFICADOR DEL NÚMERO DE CONTROL |
| campo de control |
DO-SdBNP |
| 005 - FECHA Y HORA DE LA ÚLTIMA TRANSACCIÓN |
| campo de control |
20240503073631.0 |
| 007 - CAMPO FIJO DE DESCRIPCIÓN FÍSICA--INFORMACIÓN GENERAL |
| campo de control de longitud fija |
ta |
| 008 - DATOS DE LONGITUD FIJA--INFORMACIÓN GENERAL |
| campo de control de longitud fija |
780607s1883 sp 000 f spa d |
| 040 ## - FUENTE DE LA CATALOGACIÓN |
| Centro catalogador/agencia de origen |
DO-SdBNP |
| Lengua de catalogación |
spa |
| Centro/agencia transcriptor |
BNPHU |
| 082 #4 - NÚMERO DE LA CLASIFICACIÓN DECIMAL DEWEY |
| Número de clasificación |
RD863.3 |
| Número de documento/Ítem |
C419n |
| Número de edición |
22 |
| 100 1# - ENTRADA PRINCIPAL--NOMBRE DE PERSONA |
| Nombre de persona |
Cervantes Saavedra, Miguel de, |
| Fechas asociadas al nombre |
1547-1616 |
| 9 (RLIN) |
3070 |
| 245 10 - MENCIÓN DE TÍTULO |
| Título |
Novelas / |
| Mención de responsabilidad, etc. |
Miguel de Cervantes |
| 260 ## - PUBLICACIÓN, DISTRIBUCIÓN, ETC. |
| Lugar de publicación, distribución, etc. |
Madrid : |
| Nombre del editor, distribuidor, etc. |
Imprenta de la A.P Dubrul, |
| Fecha de publicación, distribución, etc. |
1883. |
| 300 ## - DESCRIPCIÓN FÍSICA |
| Extensión |
317 p. : |
| Otras características físicas |
ilustraciones y retratos ; |
| Dimensiones |
12 cm. |
| 490 1# - MENCIÓN DE SERIE |
| Mención de serie |
Joyas de la literatura española ; |
| Designación de volumen o secuencia |
2 |
| 505 ## - NOTA DE CONTENIDO CON FORMATO |
| Nota de contenido con formato |
Rinconete y Cortadillo -- El celoso extremeño -- El casamiento engañoso -- El coloquio de los perros<br/> |
| 590 ## - NOTA LOCAL (RLIN) |
| Nota local |
Inventariado, 2022 / DG |
| 650 #4 - PUNTO DE ACCESO ADICIONAL DE MATERIA--TÉRMINO DE MATERIA |
| Término de materia o nombre geográfico como elemento de entrada |
Novela española |
| 9 (RLIN) |
1123 |
| 650 #4 - PUNTO DE ACCESO ADICIONAL DE MATERIA--TÉRMINO DE MATERIA |
| Término de materia o nombre geográfico como elemento de entrada |
Literatura española |
| 9 (RLIN) |
632 |
| 740 0# - PUNTO DE ACCESO ADICIONAL--TÍTULO RELACIONADO O ANALÍTICO NO CONTROLADO |
| Título relacionado o analítico no controlado |
Rinconete y Cortadillo -- |
| 740 0# - PUNTO DE ACCESO ADICIONAL--TÍTULO RELACIONADO O ANALÍTICO NO CONTROLADO |
| Título relacionado o analítico no controlado |
El celoso extremeño -- |
| 740 0# - PUNTO DE ACCESO ADICIONAL--TÍTULO RELACIONADO O ANALÍTICO NO CONTROLADO |
| Título relacionado o analítico no controlado |
El casamiento engañoso -- |
| 740 0# - PUNTO DE ACCESO ADICIONAL--TÍTULO RELACIONADO O ANALÍTICO NO CONTROLADO |
| Título relacionado o analítico no controlado |
El coloquio de los perros |
| 830 #0 - PUNTO DE ACCESO ADICIONAL DE SERIE-TÍTULO UNIFORME |
| Título uniforme |
Joyas de la literatura española |
| 9 (RLIN) |
83182 |
| 910 ## - DATOS DE OPCIÓN DEL USUARIO (OCLC) |
| Datos de opción del usuario |
DG/Validado. Control de calidad MFF |
| 942 ## - ELEMENTOS DE PUNTO DE ACCESO ADICIONAL (KOHA) |
| Fuente del sistema de clasificación o colocación |
Dewey Decimal Classification |
| Tipo de ítem Koha |
Libro |